| 000 | 01163ngm a22002410a 4500 | ||
|---|---|---|---|
| 001 | PT19504 | ||
| 003 | AR-LpoUNG | ||
| 005 | 20210202000309.0 | ||
| 007 | vd cvaizq | ||
| 008 | 191001suuuu||||ag |||||||||||||||||spa d | ||
| 037 | _c$9,97 | ||
| 040 |
_aAR-LpoUNG _bspa _cAR-LpoUNG _eaacr |
||
| 082 | 0 | _a980.013 582agu | |
| 100 | 1 |
_aHerzog, Werner _edir. |
|
| 245 | 1 | 0 |
_aAguirre : _bla ira de Dios |
| 260 |
_as.l. _bs.e. _cs.f. |
||
| 300 | _aVHS : son., col. | ||
| 520 | _aLa fascinante historia de Lope de Aguirre, el desquiciado conquistador español del siglo XVI, quien luego de separarse de la expedición de Gonzalo Pizarro, intentó descubrir la mítica ciudad de El Dorado, perdida en la inmensidad del Amazonas. A medida que el explorador lleva a sus hombres a una muerte segura, el film enfrenta al espectador a perturbadores temas como el imperialismo y el fanatismo religioso... Este film, junto a "El enigma de Kaspar Hauser", marcó la consagración internacional de Herzog y ayudó a consolidar el éxito de lo que se dio en llamar "el nuevo cine alemán". | ||
| 651 | 4 | _aAmérica Latina | |
| 653 | _aVIDEOS | ||
| 905 | _a19504 | ||
| 942 | _cVIDEO | ||
| 999 |
_c54541 _d54541 |
||